Retirement, work and pensions in ageing Korea /

Bibliographic Details
Other Authors: Yang, Chae-jin, Klassen, Thomas Richard, 1957-
Format: Book
Language:English
Published: London ; New York : Routledge, 2010.
Series:Routledge advances in Korean studies ; 18.
Subjects:

MARC

Tag First Indicator Second Indicator Subfields
LEADER 00000cam a2200000 a 4500
001 in00002572821
005 20151201150007.0
008 100113s2010 enka b 001 0 eng
010 |a  2009052824 
015 |a GBA961720  |2 bnb 
016 7 |a 015296646  |2 Uk 
020 |a 9780415551724 (alk. paper) 
020 |a 9780203860182 (ebk.) 
020 |a 0415551722 (alk. paper) 
020 |a 0203860187 (ebk) 
035 |a (OCoLC)ocn311756443 
035 |a (OCoLC)311756443 
040 |a DLC  |c DLC  |d BTCTA  |d YDXCP  |d BWKUK  |d BWK  |d UKM  |d VPI  |d UtOrBLW 
049 |a TXAM 
050 0 0 |a HQ1063.2.K6  |b R48 2010 
082 0 0 |a 331.25/2095195  |2 22 
245 0 0 |a Retirement, work and pensions in ageing Korea /  |c edited by Jae-jin Yang and Thomas R. Klassen. 
264 1 |a London ;  |a New York :  |b Routledge,  |c 2010. 
300 |a xiii, 192 pages :  |b illustrations ;  |c 25 cm. 
336 |a text  |b txt  |2 rdacontent 
337 |a unmediated  |b n  |2 rdamedia 
338 |a volume  |b nc  |2 rdacarrier 
490 1 |a Routledge advances in Korean studies ;  |v 18 
504 |a Includes bibliographical references and index. 
650 0 |a Retirement  |z Korea (South) 
650 0 |a Pensions  |z Korea (South) 
650 0 |a Older people  |z Korea (South)  |x Economic conditions. 
700 1 |a Yang, Chae-jin. 
700 1 |a Klassen, Thomas Richard,  |d 1957- 
830 0 |a Routledge advances in Korean studies ;  |v 18. 
938 |a Baker and Taylor  |b BTCP  |n BK0008210926 
938 |a YBP Library Services  |b YANK  |n 100518906 
938 |a Blackwell Book Service UK  |b BBUK  |n L6839785  |c 85.00 
945 |a PromptCat  |b 963246 
946 |a stk 
947 |a A14840286287 
994 |a 92  |b TXA 
948 |a cataloged  |b h  |d 2010/4/30  |h c  |e asalazar  |f 11:58:15 am 
999 |a MARS 
999 f f |s ed96f4d8-df10-39af-9b9f-ef17111b1580  |i ca319f0b-5623-303f-aaee-84b48e6356c1  |t 0 
952 f f |p ric  |a Texas A&M University  |b Rellis Campus  |c Joint Library Facility  |d Remote Storage  |t 0  |e HQ1063.2.K6 R48 2010  |h Library of Congress classification  |i unmediated -- volume  |m A14840286287 
998 f f |a HQ1063.2.K6 R48 2010  |t 0  |l Remote Storage